<?xml version="1.0" encoding="UTF-8"?>
<record
    xmlns:xsi="http://www.w3.org/2001/XMLSchema-instance"
    xsi:schemaLocation="http://www.loc.gov/MARC21/slim http://www.loc.gov/standards/marcxml/schema/MARC21slim.xsd"
    xmlns="http://www.loc.gov/MARC21/slim">

  <leader>02463agaaa2200313   4500</leader>
  <controlfield tag="001">9699</controlfield>
  <controlfield tag="003">IT-RoPAU</controlfield>
  <controlfield tag="005">20220918181224.0</controlfield>
  <controlfield tag="007">d cvaizq</controlfield>
  <controlfield tag="008">50131s9999||||xx ||| |     ||   ||und||</controlfield>
  <datafield tag="040" ind1=" " ind2=" ">
    <subfield code="a">IT-RoPAU</subfield>
    <subfield code="c">IT-RoPAU</subfield>
  </datafield>
  <datafield tag="041" ind1=" " ind2=" ">
    <subfield code="a">ITALIANO</subfield>
  </datafield>
  <datafield tag="100" ind1=" " ind2=" ">
    <subfield code="a">Ferrario Davide</subfield>
    <subfield code="g">Codice regista SPICS: 11784</subfield>
    <subfield code="9">37337</subfield>
  </datafield>
  <datafield tag="130" ind1=" " ind2=" ">
    <subfield code="a">TUTTA COLPA DI GIUDA</subfield>
    <subfield code="9">37338</subfield>
  </datafield>
  <datafield tag="245" ind1=" " ind2=" ">
    <subfield code="a">TUTTA COLPA DI GIUDA</subfield>
    <subfield code="c">Prodotto da: Ferrario Davide -- Sceneggiatura: Ferrario Davide -- Diretto da: Ferrario Davide</subfield>
    <subfield code="p">TUTTA COLPA DI GIUDA (Rif. Codice opera principale : H9699)</subfield>
  </datafield>
  <datafield tag="250" ind1=" " ind2=" ">
    <subfield code="a">Edizione Standard</subfield>
  </datafield>
  <datafield tag="260" ind1=" " ind2=" ">
    <subfield code="a">(ITALIA)</subfield>
    <subfield code="b">ROSSOFUOCO - FILM COMMISSION TORINO PIEMO / Distribuzione: FELTRINELLI</subfield>
    <subfield code="g">"2009 (1&#xB0; ed.: 2010 ; Ed. Lingua Orig.: 2009)"</subfield>
  </datafield>
  <datafield tag="300" ind1=" " ind2=" ">
    <subfield code="a">DVD</subfield>
    <subfield code="b">sonoro, col.</subfield>
    <subfield code="c">95 minuti</subfield>
  </datafield>
  <datafield tag="508" ind1=" " ind2=" ">
    <subfield code="a">"Fotografia: Cecchin Dante; Montaggio: Cormio Claudio; Musica: Barovero Fabio; Sceneggiatura: Ferrario Davide; Scenografia: Bocca Francesca; "</subfield>
  </datafield>
  <datafield tag="511" ind1=" " ind2=" ">
    <subfield code="a">"Smutniak Kasia; Troiano Fabio; Gobbi Gianluca; Godano Cristiano; Signa Francesco"</subfield>
  </datafield>
  <datafield tag="520" ind1=" " ind2=" ">
    <subfield code="a">"UNA REGISTA TEATRALE D'AVANGUARDIA, UN DIRETTORE DI CARCERE. UN CAPPELLANOCHE VUOLE METTERE IN SCENA UNA PASSIONE. VENTI DETENUTI CHE ASPETTANO SOLOCHE IL TEMPO PASSI. QUANDO IRENA MIRKOVIC ACCETTA DI COLLABORARE CON DON IRIDORO NON SA CHE QUELL'ESPERIENZA LE CAMBIERA' LA VITA. NON SOLO PERCHE' L'INCONTRO CON IL DIRETTORE LIBERO TARSITANO LA SPINGERA' A CHIUDERE DEFINITIVAMENTE LA RELAZIONE COL SUO FIDANZATO-ATTORE CRISTIANO, MA PERCHE' PRESTOSI TROVERA' DI FRONTE A UN PROBLEMA INSOLUBILE. DOPO AVER CONQUISTATO LA FIDUCIA DEI DETENUTI, IRENA SI RENDE CONTO CHE DENTRO NESSUNO E' INTENZIONATO A FARE LA PARTE DI GIUDA, PER MOTIVI CHE IN UN CARCERE SONO CHIARI A TUTTI. NONOSTANTE LE SUE INSISTENZE I RAGAZZI RESTANO ADAMANTINI NEL LORO RIFIUTO. ANCHE PERCHE' C'E' CHI REMA CONTRO LO SPETTACOLO: SUOR BONARIA, UNA RELIGIOSA INFLESSIBILE MA DOTATA ANCHE DI SPIRITO MOLTO PRATICO. CONTENUTI SPECIALI: BACKSTAGE; BLOOPERS E SCENE TAGLIATE; TRAILER; VIDEOCLIP CANZONE IN PRIGIONE, COLPA DI GIUDA, DANCE SLOW."</subfield>
  </datafield>
  <datafield tag="538" ind1=" " ind2=" ">
    <subfield code="a">PAL, STEREO</subfield>
  </datafield>
  <datafield tag="546" ind1=" " ind2=" ">
    <subfield code="a">ITALIANO</subfield>
  </datafield>
  <datafield tag="650" ind1=" " ind2=" ">
    <subfield code="a">COMMEDIA</subfield>
    <subfield code="e">DVD-FILM [DVD]</subfield>
    <subfield code="x">Codice MATERIA SPICS: 9947</subfield>
    <subfield code="9">36668</subfield>
  </datafield>
  <datafield tag="700" ind1=" " ind2=" ">
    <subfield code="a">Barovero Fabio</subfield>
    <subfield code="e">(musica)</subfield>
    <subfield code="g">Codice Musica SPICS: 59905</subfield>
    <subfield code="9">37339</subfield>
  </datafield>
  <datafield tag="700" ind1=" " ind2=" ">
    <subfield code="a">Ferrario Davide </subfield>
    <subfield code="e">(regista)</subfield>
    <subfield code="g">Codice regista SPICS: 11784</subfield>
    <subfield code="9">37340</subfield>
  </datafield>
  <datafield tag="700" ind1=" " ind2=" ">
    <subfield code="a">Ferrario Davide </subfield>
    <subfield code="e">(soggetto)</subfield>
    <subfield code="g">Codice Soggetto SPICS: 11784</subfield>
    <subfield code="9">37341</subfield>
  </datafield>
  <datafield tag="942" ind1=" " ind2=" ">
    <subfield code="c">DV</subfield>
    <subfield code="2">ddc</subfield>
  </datafield>
  <datafield tag="999" ind1=" " ind2=" ">
    <subfield code="c">104728</subfield>
    <subfield code="d">104728</subfield>
  </datafield>
  <datafield tag="952" ind1=" " ind2=" ">
    <subfield code="0">0</subfield>
    <subfield code="1">0</subfield>
    <subfield code="4">0</subfield>
    <subfield code="6">H_9699_000000000000000</subfield>
    <subfield code="7">1</subfield>
    <subfield code="a">SPICS</subfield>
    <subfield code="b">SPICS</subfield>
    <subfield code="d">2015-01-31</subfield>
    <subfield code="l">0</subfield>
    <subfield code="o">H9699</subfield>
    <subfield code="r">2015-01-31 00:00:00</subfield>
    <subfield code="w">2015-01-31</subfield>
    <subfield code="y">DV</subfield>
    <subfield code="z">Progr. Ins.: 3913 / N.Vol.:1 / Copie: 1 / Pag.:0 / Copia rara: n.d. / date import: 1.2.2015 / By Epidotti, Trombetti, Vaglietti</subfield>
  </datafield>
</record>
